|
|
|
|
| LEADER |
00000cam a2200000 7i4500 |
| 001 |
0000023160 |
| 005 |
20151222.0 |
| 008 |
080820 |
| 020 |
|
|
|a 0435098292
|
| 090 |
0 |
0 |
|a JP
|b EDU ENG
|
| 100 |
1 |
|
|a Sampson, John
|
| 245 |
1 |
0 |
|a Transport timelines
|c John Sampson
|
| 260 |
|
|
|a UK :
|b Heinemann Educational Publishers ,
|c 1997
|
| 440 |
|
|
|a Discovery world
|
| 500 |
|
|
|a Children ages 7-9 years old (orange)
|
| 650 |
|
0 |
|a Education, preschool
|
| 650 |
|
0 |
|a English fiction
|
| 999 |
|
|
|a 0001027782
|b Book
|c REFERENCE
|e Perbadanan Perpustakaan Awam Johor
|
| 999 |
|
|
|a 0001075114
|b Book
|c Children Collection
|e Cawangan Taman Universiti
|